| 000 | nam a22 a 4500 | ||
|---|---|---|---|
| 999 |
_c149083 _d149083 |
||
| 003 | BLK | ||
| 005 | 20230519160155.0 | ||
| 008 | 180410b bul|||||r ||||||| ||bul|| | ||
| 010 | _aKNG00155326000 | ||
| 020 | _a954-07-0163-5 | ||
| 040 | _aBLK | ||
| 041 |
_aDEU _cDEU _hBUL |
||
| 080 |
_aОбщо езикознание и филология _b81 _x(038.1)=30=867 _z81(038.1)=30=867 |
||
| 080 |
_aРазлични категории думи _b81`373.4 _x=30=867:801 _z81`373.4=30=867:801 |
||
| 100 | 1 |
_aПавлова, Галина Тодорова _eпърви автор _9250762 |
|
| 139 |
_aПавлова, Галина Тодорова _bП 13 |
||
| 245 | 1 | 0 |
_aНемско-български речник - минимум на лингивстичните термини _bУч. помагало за студенти _cГалина Тодорова Павлова; ред. Ангелина Цонева Минчева. |
| 246 | 1 | 1 | _aKleines Worterbuch linguistischer Termini (Deutsch-Bulgarisch) |
| 250 | _a2. изд. | ||
| 257 | _aBGR | ||
| 260 |
_aСофия _bУнив. изд. Св. Климент Охридски _c1993 |
||
| 300 |
_a151 с. _c20 см |
||
| 380 | _a80 | ||
| 500 | _a1. изд. 1986л - Офс. изд. - 2 065 тир. - Библиогр. с. 157-160. м Именен показалец | ||
| 650 | 4 |
_aЕзикознание - терминология - речници, немски _9282717 |
|
| 650 | 4 |
_aНемски език - речници, немско-български _9242798 |
|
| 653 | _aнемски език | ||
| 653 | _aбългарски език | ||
| 653 | _aлингвистика | ||
| 653 | _aтерминологични речници | ||
| 700 | 1 |
_aМинчева, Ангелина Цонева _eред. _9375711 |
|
| 852 |
_aЦб 175598 _bЦб |
||
| 856 | 4 |
_qpdf _i0.00 _ldisable |
|
| 856 | 4 |
_qpdf _i0.00 _ldisable |
|
| 942 |
_cKNG _n0 _s1 |
||
| 944 |
_aCR _c07.01.2014 _kТеодора_Стоянова |
||
| 944 |
_aED _c07.01.2014 |
||
| 999 | _d149083 | ||